Pays du monde contenant un O - Statistiques

Statistiques générales
  • Ce quiz a été pris 3 128 fois
  • Le résultat moyen est 58 sur 75
Statistiques - réponses
Pays % Correct
Portugal
93%
République démocratique du Congo
91%
Corée du Nord
90%
Norvège
90%
Congo
89%
Corée du Sud
89%
Japon
88%
Maroc
88%
Ouzbékistan
88%
Colombie
87%
Monaco
85%
Oman
85%
Ouganda
85%
Pologne
85%
Soudan
85%
Bolivie
84%
Hongrie
84%
Roumanie
84%
Togo
84%
Laos
83%
Andorre
82%
Kosovo
82%
Mongolie
81%
Nouvelle-Zélande
81%
Slovaquie
81%
Slovénie
81%
Soudan du Sud
81%
Biélorussie
80%
Croatie
80%
Somalie
80%
Angola
79%
Honduras
79%
Indonésie
79%
Jordanie
79%
Moldavie
79%
Monténégro
79%
Royaume-Uni
79%
Pérou
78%
République dominicaine
78%
Bosnie-Herzégovine
77%
Comores
77%
Estonie
77%
Lesotho
77%
Bhoutan
76%
Dominique
76%
Lettonie
76%
Cambodge
75%
Macédoine du Nord
75%
Arabie Saoudite
74%
Cameroun
74%
Costa Rica
74%
Mozambique
74%
Botswana
73%
Koweit
73%
Côte d'Ivoire
72%
Gabon
72%
Papouasie-Nouvelle-Guinée
72%
Tonga
72%
Éthiopie
71%
Géorgie
71%
Luxembourg
70%
Palaos
69%
Sao Tomé-et-Principe
69%
Samoa
68%
Guinée équatoriale
67%
Salvador
66%
Singapour
66%
Micronésie
65%
Burkina Faso
64%
Saint-Christophe-et-Niévès
64%
Salomon
63%
Djibouti
62%
Sierra Leone
61%
Trinité-et-Tobago
59%
Timor Oriental
58%
Aucun quiz correspondant
Distribution des résultats
% des personnes avec chaque résultat
Percentile par nombre de réponses
Votre historique - résultats
Vous n’avez pas pris ce quiz